| 000 | 00567nam a2200193Ia 4500 | ||
|---|---|---|---|
| 003 | GCL | ||
| 008 | 140319s9999 xx 000 0 ara d | ||
| 040 |
_aGCL / _cGCL |
||
| 082 | 0 | 4 |
_a025.43 _bس م |
| 100 | 1 | _aس0 د0 باتى | |
| 245 | 1 | 0 |
_aمقدمة الى تصنيف ديوى العشرى الطبعة 18 / _cس0 د0 باتى |
| 700 | 1 | _aفتحى عثمان ابو النجا | |
| 300 | _a186 ص | ||
| 490 |
_aكتاب _v0 |
||
| 650 | 0 | 4 | _aالتصنيف |
| 650 | 0 | 4 | _aالفهرسة الوصفية |
| 650 | 0 | 4 | _aالمكتبات، علم |
| 942 |
_2ddc _cBK |
||
| 999 |
_c41311 _d41311 |
||